Flipnosis (Record no. 327827)
[ view plain ]
| 000 -LEADER | |
|---|---|
| fixed length control field | 00469nam a2200169Ia 4500 |
| 008 - FIXED-LENGTH DATA ELEMENTS--GENERAL INFORMATION | |
| fixed length control field | 230718s9999 xx 000 0 und d |
| 020 ## - INTERNATIONAL STANDARD BOOK NUMBER | |
| International Standard Book Number | 9780099505624 |
| 041 ## - LANGUAGE CODE | |
| Language code of text/sound track or separate title | eng |
| 082 ## - DEWEY DECIMAL CLASSIFICATION NUMBER | |
| Classification number | 153.8'52 |
| Item number | DUT |
| 100 ## - MAIN ENTRY--PERSONAL NAME | |
| Personal name | Dutton K. |
| 9 (RLIN) | 191982 |
| 245 ## - TITLE STATEMENT | |
| Title | Flipnosis |
| Remainder of title | The Art Of Split-Second Persuasion |
| 260 ## - PUBLICATION, DISTRIBUTION, ETC. (IMPRINT) | |
| Date of publication, distribution, etc. | 2011 |
| Name of publisher, distributor, etc. | Arrow Books |
| 300 ## - PHYSICAL DESCRIPTION | |
| Extent | 392 |
| 365 ## - TRADE PRICE | |
| Currency code | Rs. |
| Price amount | 495.00 |
| 700 ## - ADDED ENTRY--PERSONAL NAME | |
| Personal name | Dutton K. |
| 9 (RLIN) | 191982 |
| 906 ## - LOCAL DATA ELEMENT F, LDF (RLIN) | |
| d | O:0174304-Jun-2011B:793604-May-2011 |
| c | GENRL |
| b | 123.75 |
| Withdrawn status | Lost status | Damaged status | Not for loan | Home library | Current library | Date acquired | Vendor | Budget Code | Cost, normal purchase price | Bill number | Total Checkouts | Full call number | Barcode | Date last seen | Date last checked out | Discount | Cost, replacement price | Bill Date | Koha item type | Original Barcode |
|---|---|---|---|---|---|---|---|---|---|---|---|---|---|---|---|---|---|---|---|---|
| Cummins College of Engineering for Women Pune | Cummins College of Engineering for Women Pune | 04/06/2011 | Technical Book Services | GENRL | 371.25 | 7936 | 3 | 153.8'52 | CCEP-BK-39034 | 16/04/2025 | 02/04/2025 | 123.75 | 495.00 | 04/05/2011 | Books | 039034 |